La revolución de los derechos humanos (Record no. 14992)

MARC details
000 -LEADER
campo de control de longitud fija 01171nam a2200289 i 4500
001 - NÚMERO DE CONTROL
campo de control 14992
003 - IDENTIFICADOR DE NÚMERO DE CONTROL
campo de control ES-MaACL
005 - FECHA Y HORA DE LA ÚLTIMA TRANSACCIÓN
campo de control 20240201133417.0
007 - CAMPO FIJO DE DESCRIPCIÓN FÍSICA--INFORMACIÓN GENERAL
campo de control de longitud fija t|
008 - DATOS DE LONGITUD FIJA--INFORMACIÓN GENERAL
campo de control de longitud fija 991124s1999 sp ||||1| spa d
020 ## - NÚMERO INTERNACIONAL ESTÁNDAR DEL LIBRO
Número Internacional Estándar del Libro 84-930992-0-1
080 ## - NÚMERO DE LA CLASIFICACIÓN DECIMAL UNIVERSAL
Número de la Clasificación Decimal Universal 342.7(063)
245 03 - MENCIÓN DEL TÍTULO
Título La revolución de los derechos humanos
Resto del título : un nuevo horizonte de libertad /
Mención de responsabilidad, etc. [Gabriel Albiac... et al. ; prólogo de Carlos París].
260 ## - PUBLICACIÓN, DISTRIBUCIÓN, ETC.
Lugar de publicación, distribución, etc. Madrid :
Nombre del editor, distribuidor, etc. Ateneo de Madrid,
Fecha de publicación, distribución, etc. 1999.
300 ## - DESCRIPCIÓN FÍSICA
Extensión 121 p. ;
Dimensiones 24 cm.
500 ## - NOTA GENERAL
Nota general Recoge los textos correspondientes al ciclo de conferencias "La Revolución de los Derechos Humanos. Un nuevo horizonte de libertad", desarrollados en el Ateneo de Madrid, durante el año académico 1998-1999.
610 2# - PUNTO DE ACCESO ADICIONAL DE MATERIA--NOMBRE DE ENTIDAD CORPORATIVA
Nombre de entidad corporativa o nombre de jurisdicción como elemento de entrada Ateneo de Madrid-
Subdivisión de forma Conferencias-
Subdivisión cronológica 1983-1999.
9 (RLIN) 168596
650 14 - PUNTO DE ACCESO ADICIONAL DE MATERIA--TÉRMINO DE MATERIA
Término de materia o nombre geográfico como elemento de entrada Derechos humanos-
Subdivisión de forma Congresos y asambleas.
9 (RLIN) 11773
700 1# - ENTRADA AGREGADA--NOMBRE PERSONAL
Nombre de persona Albiac, Gabriel.
9 (RLIN) 19376
700 1# - ENTRADA AGREGADA--NOMBRE PERSONAL
Nombre de persona París, Carlos,
Fechas asociadas al nombre 1925-2014
9 (RLIN) 89133
710 2# - ENTRADA AGREGADA--NOMBRE DE ENTIDAD CORPORATIVA
Nombre de entidad corporativa o nombre de jurisdicción como elemento de entrada Ateneo de Madrid.
9 (RLIN) 1875
852 ## - LOCALIZACIÓN
Ubicación ES-MaACL
Número de control de estantería L-22144
Sublocalización o colección R.127598
852 ## - LOCALIZACIÓN
Ubicación ES-MaACL
Número de control de estantería L-22143
Sublocalización o colección R.127597
852 ## - LOCALIZACIÓN
Ubicación ES-MaACL
Número de control de estantería L-22142
Sublocalización o colección R.127524
942 ## - ELEMENTOS DE ENTRADA SECUNDARIOS (KOHA)
Fuente del sistema de clasificación o colocación Clasificación decimal universal
Holdings
Estatus retirado Estado de pérdida Estado de daño No para préstamo Colección Biblioteca de origen Biblioteca actual Ubicación en estantería Fecha de adquisición Fuente de adquisición Total de préstamos Signatura topográfica completa Código de barras Visto por última vez Precio de reemplazo Tipo de ítem Koha
        Fondo Ateneo de Madrid Biblioteca del Ateneo de Madrid Biblioteca del Ateneo de Madrid Depósito 2 17/01/2008     L-22142 1015246 23/02/2023 23/02/2023 Libro impreso
        Fondo Ateneo de Madrid Biblioteca del Ateneo de Madrid Biblioteca del Ateneo de Madrid Depósito 2 17/01/2008     L-22144 1015244 23/02/2023 23/02/2023 Libro impreso
        Fondo Ateneo de Madrid Biblioteca del Ateneo de Madrid Biblioteca del Ateneo de Madrid Depósito 2 17/01/2008     L-22143 1015245 23/02/2023 23/02/2023 Libro impreso